000 00777cab a2200325 4500
001 ABS50109
008 090401t1994 xxu||||| |||| 00| 0 eng d
035 _a(Sirsi) u74213
041 _aeng
245 _aCentrefolio: Surrey
260 _c1994
350 _a0
490 _aCSW - The Property Week
_v46(6) 10 February 1994, 29-56(13)
650 _aALDERSHOT
650 _aBLACKWATER VALLEY
650 _aCAMBERLEY
650 _aDORKING
650 _aEPSOM
650 _aFRIMLEY
650 _aGUILDFORD
650 _aLEATHERHEAD
650 _aREDHILL
650 _aREIGATE
650 _aSURREY
650 _aWEYBRIDGE
650 _aWOKING
690 _aPROPERTY-COMMERCIAL PROPERTY-COMMERCIAL PROPERTY MARKET
942 _n0
948 _c04/03/1997
999 _c46846
_d46846